| 000 | 00456cam a2200181ua 4500 | ||
|---|---|---|---|
| 020 |
_a0-0471-27965-X _c604.17 |
||
| 041 |
_aeng _h |
||
| 082 |
_a574.192 _bMCD/BI |
||
| 100 | _aMcDonald, Peter . | ||
| 245 |
_aBiochemistry of silage / _cPeter McDonald. _hTextual Documents |
||
| 250 |
_a1 / _b. |
||
| 260 |
_aLondon : _bJohn Wiley & Sons , _c1981. |
||
| 300 | _a226 ; . | ||
| 365 | _a604.17 | ||
| 504 | _a | ||
| 942 | _cBK | ||
| 999 |
_c9349 _d9349 |
||